000 01101nam a22003257a 4500
001 BR0805460
003 BR-BrBNA
005 20230928102701.0
007 ta
008 230509b bl.||||| |||| 00| 0 por d
040 _aBR-BrBNA
_bpor
_cBiblioteca Nacional de Agricultura
041 _a(Por)
072 _aL50; L10
_b5120
090 _ 5120 BR0805460
100 1 _aCoelho, E.G.A.
110 1 _aUniversidade Federal de Minas Gerais, Belo Horizonte (Brasil). Escola de Veterinária
_0Tese (Doutor em Ciência Animal)
245 1 _aEstudo comparativo entre os testes bioquímico e molecular para detecção de marcadores genéticos para o padrão tobiano em cavalos Pampa
260 3 _aBelo Horizonte, MG (Brasil):
_c2006.
300 _a42 p.
500 _aSummaries (Eng, Por); 17 ref.; 5 illus.; 12 tables
650 _aCAVALO
650 _aGENÉTICA ANIMAL
650 _aPELO
650 _aMELHORAMENTO GENÉTICO ANIMAL
650 _aMARCADOR MOLECULAR
650 _aBIOQUÍMICA ANIMAL
650 _aANÁLISE COMPARATIVA
909 _a202309
_bLucia
_c55
_dLucia Elande
942 _cBK
999 _c72021
_d72021